000 00574nam a2200181 i 4500
001 100140
003 ES-MaACL
005 20250915063046.0
007 t|
008 050922s1986 sp ||||1| spa d
100 1 _aMartínez Val, José María,
_d1916-
_978455
245 1 4 _aLos idiomas ante el Tribunal Constitucional /
_cpor José María Martínez Val.
260 _aValencia :
_b[s.n.],
_c1986.
300 _a3 h. ;
_c24 cm.
500 _aSeparata de : Revista General de Derecho, 1986, nº 504.
852 _aES-MaACL
_j2142-F-4
_bR.114690
999 _c100140
_d100140